000 00638nam a2200241Ia 4500
003 OSt
005 20221007095202.0
006 a|||||r|||| 00| 0
007 ta
008 221006b |||||||| |||| 00| 0 eng d
024 _a1,027
037 _cTextual
040 _aLCO
_cLCO
_beng
041 _2eng
_aeng
082 _aV1:5, P1
100 _aJambholkar L. Ed.
_9700936
245 0 _aISIL Year Book of International Humanitarian and Refugee Law
260 _aNew
_bDelhi ISIL India
_c2001
300 _a352+6
490 _vVol.-1
942 _hV1:5, P1
_cTEXL
999 _c1170590
_d1170590